| 000 | 00525nam a2200157 a 4500 | ||
|---|---|---|---|
| 001 | 000005354 | ||
| 005 | 20200929151642.0 | ||
| 008 | 090819s1990 sp 001 spa d | ||
| 020 | _a8400070941 | ||
| 040 |
_aDO-SdBNP _bspa _cBNPHU |
||
| 082 |
_axxxx _bN322c |
||
| 245 | 0 | 0 |
_aRisala fi awqat al-sana = un calendario anónimo andalusí / _cedición, traducción y notas de M. angeles Navarro. |
| 260 |
_aGranada, España : _bConsejo Superior de Investigacion Científicas, _c1990. |
||
| 300 |
_a284 p. ; _c24 cm. |
||
| 049 | _aBNPD | ||
| 999 |
_c5155 _d5155 |
||